000 00641nam a2200253Ia 4500
003 OSt
005 20221006143646.0
006 a|||||r|||| 00| 0
007 ta
008 221006b |||||||| |||| 00| 0 eng d
020 _c13.53
024 _a9,578
037 _cTextual
040 _aEASL
_cEASL
_beng
041 _2eng
_aeng
082 _aX:8, L4
100 _aPUGH D S Ed.
_9270042
245 0 _aOrganisation theory
_b Selected readings
260 _aBaltimore
_bPenguin Educations
_c1974
300 _a382p.
_ccm.
490 _v Oth
942 _hX:8, L4
_cTEXL
_2CC
999 _c1077664
_d1077664